Air

Bibliographic Details
Main Author: Devonshire, Hilary
Format: Book
Published: London : Franklin Watts , 1991
Series:Science through art
Subjects:

MARC

LEADER 00000cam a2200000 7i4500
001 0000005617
002 000006070
005 20000330.0
020 |a 0749606762 
090 0 0 |a J 507.8   |b SCI 
100 1 |a Devonshire, Hilary 
245 1 0 |a Air   |c Hilary Devonshire 
260 |a London :   |b Franklin Watts ,   |c 1991 
300 |a 32p ;   |c 27 cm. 
490 0 |a Science through art 
650 0 0 |a Air   |x Juvenile literature 
999 |a 026928   |b BUKU   |c JUNIOR REFERENCE   |e PERPUSTAKAAN KOMUNITI PETALING JAYA